Loading...
Sabarimala Sree Ayyappanum mattu patanangalum : Charitra lekhanangal/
| Main Author: | |
|---|---|
| Format: | Printed Book |
| Language: | English |
| Published: |
Calicut
Haritham Books
2018
|
| LEADER | 00545nam a22001577a 4500 | ||
|---|---|---|---|
| 008 | 200124b xxu||||| |||| 00| 0 eng d | ||
| 999 | |c 192758 |d 192758 | ||
| 020 | |a 9788192839543 | ||
| 041 | |a MAL | ||
| 084 | |2 cc |a Q291.21258:g | ||
| 100 | |a MEERAKKUTTY, P | ||
| 245 | |a Sabarimala Sree Ayyappanum mattu patanangalum : Charitra lekhanangal/ | ||
| 260 | |a Calicut |b Haritham Books |c 2018 | ||
| 300 | |b 98p. | ||
| 942 | |c REF | ||
| 952 | |0 0 |1 0 |4 0 |6 Q_291_000000000000000_21258G_32Q8 |7 0 |8 KR |9 333306 |a LIB |b LIB |d 2020-01-24 |o Q291.21258:g 32Q8 |p G41637 |r 2020-01-24 |v 100.00 |y REF | ||